Countries with embassies and consulates in Bangladesh - Statistics

General Stats
  • This quiz has been taken 72 times
  • The average score is 41 of 48
Answer Stats
Continent Country % Correct
Asia India
97%
North America United States of America
97%
Oceania Australia
95%
South America Brazil
95%
Europe Germany
95%
Europe Italy
95%
North America Canada
93%
Asia China
93%
Asia Iran
93%
Asia Pakistan
93%
Asia Saudi Arabia
93%
Asia Indonesia
92%
Asia Iraq
92%
Asia Nepal
92%
Asia Qatar
92%
Asia/ Europe Russia
92%
Asia Thailand
92%
Asia United Arab Emirates
92%
Africa Egypt
90%
Europe France
90%
Europe Spain
90%
Asia Vietnam
90%
Asia Bhutan
89%
Asia Japan
89%
Asia South Korea
89%
Asia/ Europe Turkey
89%
Asia Malaysia
87%
Europe Sweden
87%
Asia Kuwait
85%
Europe Norway
85%
Asia Oman
85%
Asia Afghanistan
84%
Asia Sri Lanka
84%
Asia Myanmar
80%
Europe Denmark
79%
Africa Nigeria
79%
Europe Switzerland
79%
Asia Singapore
77%
Europe the Netherlands
77%
Asia the Philippines
75%
Africa Morocco
74%
Asia the Maldives
72%
Europe United Kingdom
70%
Asia Brunei
69%
Europe Vatican City
67%
Africa Libya
66%
Asia North Korea
62%
Asia Palestine
48%
No matching quizzes found
Score Distribution
Percent of People with Each Score
Percentile by Number Answered
Your Score History
You have not taken this quiz